Praxis del cine / (Record no. 37606)

MARC details
000 -LEADER
campo de control de longitud fija 00620nam a2200217 i 4500
001 - NÚMERO DE CONTROL
campo de control 37606
003 - IDENTIFICADOR DE NÚMERO DE CONTROL
campo de control ES-MaACL
005 - FECHA Y HORA DE LA ÚLTIMA TRANSACCIÓN
campo de control 20250814084551.0
007 - CAMPO FIJO DE DESCRIPCIÓN FÍSICA--INFORMACIÓN GENERAL
campo de control de longitud fija t|
008 - DATOS DE LONGITUD FIJA--INFORMACIÓN GENERAL
campo de control de longitud fija 030221s1970 sp ||||1| spa d
100 1# - ENTRADA PRINCIPAL--NOMBRE DE PERSONA
Nombre de persona Burch, Noël.
9 (RLIN) 32579
245 10 - MENCIÓN DEL TÍTULO
Título Praxis del cine /
Mención de responsabilidad, etc. Noël Burch ; [traducción, Ramón Font].
260 ## - PUBLICACIÓN, DISTRIBUCIÓN, ETC.
Lugar de publicación, distribución, etc. Madrid :
Nombre del editor, distribuidor, etc. Fundamentos,
Fecha de publicación, distribución, etc. [1970]
300 ## - DESCRIPCIÓN FÍSICA
Extensión 188 p. ;
Dimensiones 20 cm.
490 1# - MENCIÓN DE SERIE
Mención de serie Arte.
-- Serie cine ;
Designación de volumen o secuencia 2
650 07 - PUNTO DE ACCESO ADICIONAL DE MATERIA--TÉRMINO DE MATERIA
Término de materia o nombre geográfico como elemento de entrada Cine
Fuente del encabezamiento o término embne
9 (RLIN) 11010
700 1# - ENTRADA AGREGADA--NOMBRE PERSONAL
Nombre de persona Font, Ramón.
9 (RLIN) 51547
830 1# - PUNTO DE ACCESO ADICIONAL DE SERIE-TÍTULO UNIFORME
Título uniforme Arte.
-- Cine
Designación de volumen o secuencia 2
9 (RLIN) 182700
852 ## - LOCALIZACIÓN
Ubicación ES-MaACL
Número de control de estantería C-40103
Holdings
Estatus retirado Estado de pérdida Estado de daño No para préstamo Biblioteca de origen Biblioteca actual Ubicación en estantería Fecha de adquisición Fuente de adquisición Total de préstamos Signatura topográfica completa Código de barras Visto por última vez Precio de reemplazo Tipo de ítem Koha
        Biblioteca del Ateneo de Madrid Biblioteca del Ateneo de Madrid Depósito 2 17/01/2008     C-40103 1039588 23/02/2023 23/02/2023 Libro impreso